[Event "XII Torneio Aberto Internacional de Xadrez Festa d
[Site "Caxias do Sul - RS "]
[Date "2012.03.03"]
[Round "5"]
[Board "1"]
[White "Rodriguez Vila, Andres"]
[Black "Vescovi, Giovanni Portilho"]
[Result "1-0"]
[WhiteElo "2518"]
[BlackElo "2604"]
[PlyCount "56"]
[EventDate "2012.03.03"]
[EventRounds "9"]
[EventCountry "BRA"]

1. e4 c5 2. Nf3 d6 3. d4 cxd4 4. Nxd4 Nf6 5. Nc3 a6 6. h3 Nc6 7. g4 e6 8. Bg2
Nd7 9. O-O Be7 10. Be3 h5 11. gxh5 Qc7 12. Qe2 Nf6 13. Rad1 Rxh5 14. Nf5 Bf8
15. Rxd6 g6 16. Bf4 Qb6 17. Rfd1 gxf5 18. e5 Bxd6 19. exf6 Rh4 20. Rxd6 Rxf4
21. Nd5 Nd4 22. Qe5 Qc5 23. b4 Ne2+ 24. Kh1 Rxb4 25. Nc7+ Qxc7 26. Rxe6+ Bxe6
27. Qxc7 Rb1+ 28. Kh2 Kf8 1-0

[Event "XII Torneio Aberto Internacional de Xadrez Festa d
[Site "Caxias do Sul - RS "]
[Date "2012.03.03"]
[Round "5"]
[Board "1"]
[White "Mecking, Henrique Costa"]
[Black "Hungaski, Robert Andrew"]
[Result "1/2-1/2"]
[WhiteElo "2589"]
[BlackElo "2507"]
[PlyCount "54"]
[EventDate "2012.03.03"]
[EventRounds "9"]
[EventCountry "BRA"]

1. d4 Nf6 2. c4 c5 3. d5 e6 4. Nc3 exd5 5. cxd5 d6 6. e4 g6 7. f4 Bg7 8. Bb5+
Nfd7 9. a4 Qh4+ 10. g3 Qd8 11. Nf3 O-O 12. Kf2 Na6 13. Kg2 Nb4 14. h3 a6 15.
Bc4 b6 16. Re1 Re8 17. Qb3 Nf6 18. e5 Qd7 19. g4 Nxg4 20. hxg4 Qxg4+ 21. Kf2
Bf5 22. Ne4 dxe5 23. Rg1 Qh5 24. Ng3 Qg4 25. Ne4 Qh5 26. Ng3 Qg4 27. Ne4 Qh5
1/2-1/2

[Event "XII Torneio Aberto Internacional de Xadrez Festa d
[Site "Caxias do Sul - RS "]
[Date "2012.03.03"]
[Round "5"]
[Board "1"]
[White "Matsuura, Frederico"]
[Black "Milos Junior, Gilberto"]
[Result "0-1"]
[WhiteElo "2287"]
[BlackElo "2593"]
[PlyCount "49"]
[EventDate "2012.03.03"]
[EventRounds "9"]
[EventCountry "BRA"]

1. d4 d5 2. c4 e6 3. Nc3 c6 4. cxd5 exd5 5. Bf4 Bd6 6. Bxd6 Qxd6 7. e3 Bf5 8.
Bd3 Ne7 9. Nf3 Nd7 10. Bxf5 Nxf5 11. Qc2 Qe6 12. O-O O-O 13. Na4 Nd6 14. Nc5
Nxc5 15. dxc5 Ne4 16. Nd4 Qd7 17. b4 f5 18. f3 Ng5 19. h4 Ne6 20. Nxf5 a5 21.
a3 axb4 22. axb4 Rxa1 23. Rxa1 d4 24. exd4 g6 25. Nd6 0-1

[Event "XII Torneio Aberto Internacional de Xadrez Festa d
[Site "Caxias do Sul - RS "]
[Date "2012.03.03"]
[Round "5"]
[Board "1"]
[White "Stamenkovic, Dragan"]
[Black "Izquierdo, Sebastian"]
[Result "1-0"]
[WhiteElo "2383"]
[BlackElo "2043"]
[PlyCount "85"]
[EventDate "2012.03.03"]
[EventRounds "9"]
[EventCountry "BRA"]

1. d4 Nf6 2. Bg5 e6 3. Nf3 Be7 4. Nbd2 d6 5. e4 O-O 6. Bd3 Nbd7 7. O-O g6 8.
Re1 b6 9. Qe2 Bb7 10. c3 Re8 11. Rad1 Nh5 12. Bxe7 Qxe7 13. g3 e5 14. Ba6 Bxa6
15. Qxa6 Ng7 16. Qb7 Ne6 17. Nc4 f6 18. b4 Rec8 19. Ne3 a5 20. b5 Nd8 21. Qd5+
Qe6 22. dxe5 fxe5 23. Ng5 Qxd5 24. Nxd5 Kg7 25. Ne7 Rcb8 26. f4 Nf7 27. Nd5
Nxg5 28. fxg5 Rc8 29. Rf1 Nc5 30. Rde1 Ne6 31. h4 Rf8 32. Kg2 Rxf1 33. Rxf1 Rf8
34. Rxf8 Kxf8 35. Kf3 Kf7 36. Ke3 Kg7 37. Kd3 h6 38. gxh6+ Kxh6 39. Kc4 g5 40.
hxg5+ Kxg5 41. Ne3 Nc5 42. Kd5 a4 43. c4 1-0

[Event "XII Torneio Aberto Internacional de Xadrez Festa d
[Site "Caxias do Sul - RS "]
[Date "2012.03.03"]
[Round "5"]
[Board "1"]
[White "Starke, Bruno Orlando"]
[Black "Roselli, Bernardo"]
[Result "0-1"]
[WhiteElo "2086"]
[BlackElo "2423"]
[PlyCount "44"]
[EventDate "2012.03.03"]
[EventRounds "9"]
[EventCountry "BRA"]

1. d4 Nf6 2. c4 g6 3. g3 Bg7 4. Bg2 O-O 5. Nc3 d6 6. Nf3 Nc6 7. O-O a6 8. a4
Bg4 9. h3 Bxf3 10. Bxf3 Nd7 11. Be3 e5 12. d5 Nd4 13. Bg2 c5 14. Qd2 Qa5 15.
Nb1 Qxd2 16. Nxd2 b5 17. Kh2 Nc2 18. Rac1 Nxe3 19. fxe3 h5 20. Rfe1 Bh6 21. Bf1
Rfb8 22. Rc2 Nf6 0-1

[Event "XII Torneio Aberto Internacional de Xadrez Festa d
[Site "Caxias do Sul - RS "]
[Date "2012.03.03"]
[Round "5"]
[Board "1"]
[White "Matsuura, Everaldo"]
[Black "Pluschkat, Gustavo Ranulpho"]
[Result "1-0"]
[WhiteElo "2486"]
[BlackElo "2003"]
[PlyCount "55"]
[EventDate "2012.03.03"]
[EventRounds "9"]
[EventCountry "BRA"]

1. e4 e5 2. Nf3 Nf6 3. d4 Nxe4 4. Bd3 d5 5. Nxe5 Nd7 6. Nxd7 Bxd7 7. O-O Qf6 8.
Be3 c5 9. dxc5 Nxc5 10. Be2 Bc6 11. Nc3 O-O-O 12. Bd4 Qg5 13. b4 Ne4 14. Nb5
Bd7 15. Be3 Qg6 16. Qxd5 Bxb5 17. Qxb5 Nc3 18. Qc4+ Qc6 19. Bg4+ Kb8 20. Qxc6
bxc6 21. a3 g6 22. Bg5 Bg7 23. Bxd8 Rxd8 24. Rae1 Bf6 25. Re3 Rd2 26. Rf3 Ne4
27. Rf4 Rd4 28. Bf3 1-0

[Event "XII Torneio Aberto Internacional de Xadrez Festa d
[Site "Caxias do Sul - RS "]
[Date "2012.03.03"]
[Round "5"]
[Board "1"]
[White "Boff, Lucas Strauss"]
[Black "Bueno, Alfeu Junior Varela"]
[Result "0-1"]
[WhiteElo "1998"]
[BlackElo "2291"]
[PlyCount "66"]
[EventDate "2012.03.03"]
[EventRounds "9"]
[EventCountry "BRA"]

1. Nf3 e6 2. c4 f5 3. Nc3 b6 4. b3 Nf6 5. g3 Bb7 6. Bg2 Be7 7. O-O O-O 8. Bb2
Qe8 9. d4 Ne4 10. Ne5 Nxc3 11. Bxc3 Bxg2 12. Kxg2 d6 13. Nd3 Nd7 14. Nf4 Bg5
15. Nd3 f4 16. h4 Bh6 17. g4 g6 18. f3 Bg7 19. Rc1 Qe7 20. Rh1 Rae8 21. h5 g5
22. Re1 Qf7 23. Qc2 e5 24. d5 e4 25. Nb4 Bxc3 26. Qxc3 Ne5 27. Rcd1 Qd7 28. Kh3
Nxg4 29. fxg4 f3 30. Rg1 fxe2 31. Rde1 Rf3+ 32. Rg3 Rxc3 33. Rxc3 Qf7 0-1

[Event "XII Torneio Aberto Internacional de Xadrez Festa d
[Site "Caxias do Sul - RS "]
[Date "2012.03.03"]
[Round "5"]
[Board "1"]
[White "Nemeth Junior, Henrique"]
[Black "Souza, Ivan Boere"]
[Result "0-1"]
[WhiteElo "1924"]
[BlackElo "2283"]
[PlyCount "79"]
[EventDate "2012.03.03"]
[EventRounds "9"]
[EventCountry "BRA"]

1. e4 c5 2. Nc3 Nc6 3. f4 g6 4. Nf3 Bg7 5. g3 e6 6. Bg2 Nge7 7. O-O O-O 8. d3
d6 9. Ne2 Rb8 10. c3 f5 11. Be3 h6 12. Qd2 b5 13. e5 Kh7 14. d4 c4 15. h3 d5
16. g4 b4 17. Bf2 Qa5 18. Bh4 Bd7 19. Ng3 Rb7 20. gxf5 Nxf5 21. Nxf5 gxf5 22.
Qc2 bxc3 23. bxc3 Rfb8 24. Rab1 Qa3 25. Rxb7 Rxb7 26. Rb1 Rb6 27. Nd2 Nxd4 28.
cxd4 Qe3+ 29. Bf2 Rxb1+ 30. Qxb1 Qxd2 31. Qe1 c3 32. Bf3 Bf8 33. Bh5 Qxe1+ 34.
Bxe1 c2 35. Bd2 Ba3 36. Bf7 Bc8 37. Kf2 c1=Q 38. Bxc1 Bxc1 39. Kf3 Kg7 40. Bh5
0-1

[Event "XII Torneio Aberto Internacional de Xadrez Festa d
[Site "Caxias do Sul - RS "]
[Date "2012.03.03"]
[Round "5"]
[Board "1"]
[White "Izquierdo, Daniel"]
[Black "De Freitas, Julio Eimard"]
[Result "1-0"]
[WhiteElo "2261"]
[BlackElo "1865"]
[PlyCount "53"]
[EventDate "2012.03.03"]
[EventRounds "9"]
[EventCountry "BRA"]

1. d4 d5 2. Nf3 Nf6 3. c4 c6 4. Nc3 dxc4 5. a4 Bf5 6. Ne5 e6 7. e3 Nbd7 8. Nxc4
Nb6 9. Nxb6 axb6 10. Be2 Bb4 11. O-O O-O 12. f3 b5 13. e4 Bg6 14. Be3 Bxc3 15.
bxc3 bxa4 16. Rxa4 b5 17. Rxa8 Qxa8 18. Qa1 Qb7 19. Qb2 Ra8 20. c4 Ne8 21. cxb5
cxb5 22. Qxb5 Qa7 23. Bf2 Nd6 24. Qc6 Qa3 25. Qc5 Nb7 26. Qxa3 Rxa3 27. Rb1 1-0

[Event "XII Torneio Aberto Internacional de Xadrez Festa d
[Site "Caxias do Sul - RS "]
[Date "2012.03.03"]
[Round "5"]
[Board "1"]
[White "Gambale, Eduardo De Aquino"]
[Black "Barreto, Felipe Kubiaki Menna"]
[Result "0-1"]
[WhiteElo "1980"]
[BlackElo "2247"]
[PlyCount "52"]
[EventDate "2012.03.03"]
[EventRounds "9"]
[EventCountry "BRA"]

1. e4 e6 2. Qe2 c5 3. Nf3 Nc6 4. c3 d5 5. e5 h5 6. g3 Nh6 7. Bg2 Nf5 8. h4 c4
9. O-O Bc5 10. Kh2 Nh6 11. Bh3 Ng4+ 12. Bxg4 hxg4 13. Ng1 g5 14. d4 cxd3 15.
Qxg4 gxh4 16. f4 hxg3+ 17. Kxg3 Ne7 18. Nf3 Nf5+ 19. Kg2 Bd7 20. Rh1 Rxh1 21.
Qg8+ Ke7 22. Qg5+ Kf8 23. Qxd8+ Rxd8 24. Kxh1 Bc6 25. Nbd2 d4 26. c4 Nh4 0-1

[Event "XII Torneio Aberto Internacional de Xadrez Festa d
[Site "Caxias do Sul - RS "]
[Date "2012.03.03"]
[Round "5"]
[Board "1"]
[White "Borges, Rodrigo Da Silva"]
[Black "Flach, Kauan Andrei"]
[Result "1-0"]
[WhiteElo "2205"]
[BlackElo "1706"]
[PlyCount "57"]
[EventDate "2012.03.03"]
[EventRounds "9"]
[EventCountry "BRA"]

1. e4 Nf6 2. e5 Nd5 3. d4 d6 4. Nf3 Bg4 5. Be2 e6 6. O-O Be7 7. h3 Bh5 8. c4
Nb6 9. exd6 cxd6 10. Nc3 O-O 11. Be3 N8d7 12. Rc1 Bxf3 13. gxf3 Qc8 14. b3 e5
15. d5 f5 16. f4 g5 17. fxg5 f4 18. Bxb6 axb6 19. Bg4 Bxg5 20. Be6+ Kh8 21. Qg4
Qd8 22. Bxd7 Rf7 23. Be6 Rg7 24. Kh1 Qf6 25. Ne4 Qh6 26. Nxd6 Rf8 27. Nf5 Rxf5
28. Qxf5 Bf6 29. Rg1 1-0

[Event "XII Torneio Aberto Internacional de Xadrez Festa d
[Site "Caxias do Sul - RS "]
[Date "2012.03.03"]
[Round "5"]
[Board "1"]
[White "Hille, Waltercler"]
[Black "Born, Carlos Rodrigo"]
[Result "0-1"]
[WhiteElo "1906"]
[BlackElo "2199"]
[PlyCount "31"]
[EventDate "2012.03.03"]
[EventRounds "9"]
[EventCountry "BRA"]

1. d4 Nf6 2. Nf3 g6 3. g3 Bg7 4. Bg2 O-O 5. O-O d6 6. h3 Nbd7 7. c4 e5 8. Nc3
Re8 9. e4 c6 10. Be3 a6 11. a4 a5 12. Qc2 Qc7 13. Rfd1 exd4 14. Nxd4 Nc5 15.
Rd2 Qe7 16. f3 0-1

[Event "XII Torneio Aberto Internacional de Xadrez Festa d
[Site "Caxias do Sul - RS "]
[Date "2012.03.03"]
[Round "5"]
[Board "1"]
[White "Klein, Gilberto Antonio"]
[Black "Oliveira, Paulo Sergio De Castro"]
[Result "1/2-1/2"]
[WhiteElo "2005"]
[BlackElo "2182"]
[PlyCount "84"]
[EventDate "2012.03.03"]
[EventRounds "9"]
[EventCountry "BRA"]

1. g3 f5 2. Bg2 Nf6 3. d4 e6 4. Nf3 Be7 5. O-O O-O 6. Nc3 d6 7. Re1 Nc6 8. d5
exd5 9. Nxd5 Nxd5 10. Qxd5+ Kh8 11. h4 h6 12. Bf4 Bf6 13. c3 Qe8 14. e4 Be6 15.
Qd2 Qh5 16. e5 dxe5 17. Nxe5 Rad8 18. Qe2 Qxe2 19. Ng6+ Kg8 20. Rxe2 Rfe8 21.
Bxc7 Rd7 22. Rae1 Rxc7 23. Nf4 Rce7 24. Nxe6 a6 25. Nf4 Rxe2 26. Rxe2 Rxe2 27.
Nxe2 Kf7 28. Kf1 Be5 29. Ke1 Ke6 30. Kd2 b6 31. Kd3 g5 32. hxg5 hxg5 33. Kc4
Nd8 34. a4 f4 35. gxf4 gxf4 36. Be4 Kd6 37. b4 Ne6 38. Bb7 Nc7 39. Kd3 a5 40.
Kc4 Ne6 41. bxa5 bxa5 42. Kb5 Ng5 1/2-1/2

[Event "XII Torneio Aberto Internacional de Xadrez Festa d
[Site "Caxias do Sul - RS "]
[Date "2012.03.03"]
[Round "5"]
[Board "1"]
[White "Borges, Guilherme Deola"]
[Black "Fischer Junior, Donaldo"]
[Result "1-0"]
[WhiteElo "2155"]
[BlackElo "1820"]
[PlyCount "71"]
[EventDate "2012.03.03"]
[EventRounds "9"]
[EventCountry "BRA"]

1. d4 d5 2. c4 e6 3. Nc3 Nf6 4. Nf3 Nc6 5. cxd5 Nxd5 6. e4 Nf6 7. Bd3 Be7 8.
O-O O-O 9. e5 Nd5 10. Ne4 b6 11. Re1 f5 12. exf6 gxf6 13. Ng3 Kh8 14. Bxh7 Kxh7
15. Qc2+ Kh8 16. Qxc6 Bd7 17. Qc2 Rf7 18. Nh4 Rh7 19. Ng6+ Kg8 20. Re4 f5 21.
Nxe7+ Nxe7 22. Rf4 Ng6 23. Rf3 Rc8 24. Nf1 c5 25. dxc5 Rxc5 26. Qb3 Qf6 27. Bd2
f4 28. Rc1 Rg5 29. Rc4 Rg7 30. g3 fxg3 31. Rxf6 gxh2+ 32. Kxh2 Rh5+ 33. Kg1
Ne5+ 34. Ng3 Nxc4 35. Qxc4 Rc5 36. Qf4 1-0

[Event "XII Torneio Aberto Internacional de Xadrez Festa d
[Site "Caxias do Sul - RS "]
[Date "2012.03.03"]
[Round "5"]
[Board "1"]
[White "Santos Junior, Jose Luiz Dos"]
[Black "Antunes, Luciano Justi"]
[Result "1-0"]
[WhiteElo "1845"]
[BlackElo "2121"]
[PlyCount "65"]
[EventDate "2012.03.03"]
[EventRounds "9"]
[EventCountry "BRA"]

1. c4 Nf6 2. Nc3 g6 3. g3 Bg7 4. Bg2 O-O 5. d3 d6 6. Nf3 Nc6 7. O-O e5 8. a3 a5
9. Bg5 h6 10. Bxf6 Qxf6 11. Rb1 Qd8 12. b4 axb4 13. axb4 Be6 14. Ne1 Rb8 15. e3
Ne7 16. b5 f5 17. Nd5 Nxd5 18. cxd5 Bd7 19. Nc2 Ra8 20. Rb3 b6 21. Qb1 Ra5 22.
Rc1 f4 23. Be4 fxg3 24. hxg3 Qf6 25. f3 h5 26. Ne1 Bh6 27. Ng2 Rfa8 28. Rbc3
Ra1 29. Qc2 R8a2 30. Qb3 Bh3 31. R3c2 Rxc2 32. Qxc2 Bxg2 33. Kxg2 1-0

[Event "XII Torneio Aberto Internacional de Xadrez Festa d
[Site "Caxias do Sul - RS "]
[Date "2012.03.03"]
[Round "6"]
[Board "1"]
[White "El Debs, Felipe De Cresce"]
[Black "Mecking, Henrique Costa"]
[Result "1/2-1/2"]
[WhiteElo "2507"]
[BlackElo "2589"]
[PlyCount "42"]
[EventDate "2012.03.03"]
[EventRounds "9"]
[EventCountry "BRA"]

1. Nf3 Nf6 2. c4 g6 3. Nc3 Bg7 4. e4 d6 5. d4 O-O 6. Be2 e5 7. Be3 Ng4 8. Bg5
f6 9. Bc1 Nc6 10. h3 exd4 11. Nxd4 Nge5 12. Nxc6 bxc6 13. f4 Nf7 14. O-O f5 15.
exf5 Bxf5 16. Bf3 Qb8 17. Kh1 Qb6 18. Qd2 Qb4 19. Bxc6 Qxc4 20. Bb5 Qd4 21. Rb1
Be4 1/2-1/2

[Event "XII Torneio Aberto Internacional de Xadrez Festa d
[Site "Caxias do Sul - RS "]
[Date "2012.03.03"]
[Round "6"]
[Board "1"]
[White "Mareco, Sandro"]
[Black "Stamenkovic, Dragan"]
[Result "1/2-1/2"]
[WhiteElo "2579"]
[BlackElo "2383"]
[PlyCount "59"]
[EventDate "2012.03.03"]
[EventRounds "9"]
[EventCountry "BRA"]

1. d4 Nf6 2. c4 e6 3. g3 d5 4. Nf3 dxc4 5. Bg2 Bb4+ 6. Bd2 Be7 7. O-O O-O 8.
Qc2 a6 9. Qxc4 b5 10. Qc2 Bb7 11. Rd1 Be4 12. Qc1 Qc8 13. Bg5 c5 14. Nbd2 Bb7
15. dxc5 Qxc5 16. Nb3 Qc8 17. Na5 Bd5 18. Qf4 Qd8 19. b4 Nbd7 20. Qh4 Qe8 21.
Re1 Rc8 22. a3 h6 23. e4 Ba8 24. e5 Nd5 25. Bxe7 Qxe7 26. Qxe7 Nxe7 27. Nd4
Bxg2 28. Kxg2 Rc7 29. a4 bxa4 30. Rxa4 1/2-1/2

[Event "XII Torneio Aberto Internacional de Xadrez Festa d
[Site "Caxias do Sul - RS "]
[Date "2012.03.03"]
[Round "6"]
[Board "1"]
[White "Born, Carlos Rodrigo"]
[Black "Matsuura, Everaldo"]
[Result "0-1"]
[WhiteElo "2199"]
[BlackElo "2486"]
[PlyCount "65"]
[EventDate "2012.03.03"]
[EventRounds "9"]
[EventCountry "BRA"]

1. e4 c5 2. Nf3 Nc6 3. Nc3 g6 4. d4 cxd4 5. Nxd4 Bg7 6. Be3 Nf6 7. Nb3 O-O 8.
g4 d5 9. exd5 Nb4 10. Bg2 Bxg4 11. Qd2 e6 12. Bc5 Nfxd5 13. Bxf8 Qxf8 14. Nxd5
Nxd5 15. O-O Bxb2 16. c4 Bxa1 17. Rxa1 Nb6 18. Bxb7 Rd8 19. Qg5 Bf5 20. c5 Nd5
21. Rc1 f6 22. Qg3 e5 23. Bxd5+ Rxd5 24. Qf3 Rd3 25. Qe2 Qh6 26. f3 Qg5+ 27.
Kh1 Qf4 28. Rf1 e4 29. c6 Rxf3 30. Nd2 Rxf1+ 31. Nxf1 e3 32. Kg1 Be4 33. c7 0-1

[Event "XII Torneio Aberto Internacional de Xadrez Festa d
[Site "Caxias do Sul - RS "]
[Date "2012.03.03"]
[Round "6"]
[Board "1"]
[White "Roselli, Bernardo"]
[Black "Patroclo, Arthur Ruiz"]
[Result "1-0"]
[WhiteElo "2423"]
[BlackElo "2132"]
[PlyCount "69"]
[EventDate "2012.03.03"]
[EventRounds "9"]
[EventCountry "BRA"]

1. d4 Nf6 2. c4 g6 3. Nc3 Bg7 4. Nf3 O-O 5. Bf4 d6 6. e3 b6 7. Be2 Bb7 8. Qc2
c5 9. d5 Na6 10. e4 Nc7 11. Rd1 a6 12. a4 Nh5 13. Bg5 h6 14. Be3 Nf6 15. h3 Re8
16. O-O e5 17. dxe6 Rxe6 18. e5 Nfe8 19. Bf4 Qe7 20. Nd5 Nxd5 21. cxd5 Rxe5 22.
Nxe5 dxe5 23. Be3 Nd6 24. a5 Nf5 25. axb6 Nd4 26. Bxd4 exd4 27. Bf3 Qd6 28. b4
Rc8 29. bxc5 Rxc5 30. Qa4 Rb5 31. Rb1 Qxb6 32. Rxb5 axb5 33. Rb1 Ba6 34. Qc2 b4
35. Qc6 1-0

[Event "XII Torneio Aberto Internacional de Xadrez Festa d
[Site "Caxias do Sul - RS "]
[Date "2012.03.03"]
[Round "6"]
[Board "1"]
[White "Bueno, Alfeu Junior Varela"]
[Black "Salustiano, Murilo Gimenez"]
[Result "1-0"]
[WhiteElo "2291"]
[BlackElo "2011"]
[PlyCount "86"]
[EventDate "2012.03.03"]
[EventRounds "9"]
[EventCountry "BRA"]

1. e4 c6 2. d4 d5 3. f3 g6 4. Nc3 Bg7 5. Be3 Nf6 6. Qd2 dxe4 7. fxe4 Ng4 8. Nf3
Nxe3 9. Qxe3 Bg4 10. O-O-O Qb6 11. Bc4 O-O 12. e5 e6 13. Ne4 Nd7 14. h3 Bxf3
15. gxf3 Qb4 16. Bb3 Qe7 17. h4 h5 18. f4 a5 19. Nd6 b5 20. c3 Nb6 21. Rdg1 a4
22. Bc2 Nc4 23. Nxc4 bxc4 24. a3 Qb7 25. f5 exf5 26. Bxf5 Kh7 27. Kb1 Rab8 28.
Rh2 Qe7 29. Qe2 Bh6 30. Be4 Kh8 31. Bxg6 fxg6 32. Rxg6 Qh7 33. Qxh5 Rg8 34.
Rhg2 Rxg6 35. Qxg6 Rg8 36. Qxh7+ Kxh7 37. Rf2 Rf8 38. Rg2 Rg8 39. Rf2 Rf8 40.
Rg2 Rg8 41. Re2 Re8 42. e6 Kg6 43. Re5 Kf6 1-0

[Event "XII Torneio Aberto Internacional de Xadrez Festa d
[Site "Caxias do Sul - RS "]
[Date "2012.03.03"]
[Round "6"]
[Board "1"]
[White "Souza, Ivan Boere"]
[Black "Santos Junior, Jose Luiz Dos"]
[Result "1-0"]
[WhiteElo "2283"]
[BlackElo "1845"]
[PlyCount "70"]
[EventDate "2012.03.03"]
[EventRounds "9"]
[EventCountry "BRA"]

1. e4 c5 2. Nf3 d6 3. d4 cxd4 4. Nxd4 Nf6 5. Nc3 g6 6. Bc4 Nc6 7. Nxc6 bxc6 8.
e5 Nd7 9. exd6 exd6 10. O-O Be7 11. Bh6 Ne5 12. Be2 Be6 13. f4 Nd7 14. Bg7 Rg8
15. Bd4 d5 16. Bg4 f5 17. Qe2 Kf7 18. Rae1 Nf8 19. Bf3 Bd6 20. Be5 Qc7 21. Kh1
Bxe5 22. Qxe5 Qxe5 23. Rxe5 Nd7 24. Ree1 Rab8 25. b3 Rb4 26. Ne2 Nf6 27. Nc1
Nd7 28. Nd3 Rb6 29. Kg1 Rc8 30. Ne5+ Nxe5 31. Rxe5 Rd8 32. Rfe1 Rd6 33. Kf2 h6
34. h4 Kf6 35. a3 h5 1-0

[Event "XII Torneio Aberto Internacional de Xadrez Festa d
[Site "Caxias do Sul - RS "]
[Date "2012.03.03"]
[Round "6"]
[Board "1"]
[White "Da Cruz, Eider Tiago"]
[Black "Izquierdo, Daniel"]
[Result "0-1"]
[WhiteElo "2133"]
[BlackElo "2261"]
[PlyCount "67"]
[EventDate "2012.03.03"]
[EventRounds "9"]
[EventCountry "BRA"]

1. d4 Nf6 2. Nf3 c6 3. c4 g6 4. Nc3 Bg7 5. e4 d6 6. Be2 O-O 7. O-O Bg4 8. Be3
Bxf3 9. Bxf3 Nbd7 10. Qd2 e5 11. d5 cxd5 12. cxd5 a6 13. a4 Rc8 14. a5 Nc5 15.
Ra3 b5 16. axb6 Qxb6 17. Na4 Qb5 18. Nxc5 dxc5 19. Rfa1 Ra8 20. Ra5 Qb4 21.
Qxb4 cxb4 22. Rxa6 Rxa6 23. Rxa6 Rc8 24. Rb6 Rc4 25. b3 Rc8 26. Rxb4 Bf8 27.
Rb6 Nd7 28. Rc6 Rb8 29. Bg4 f5 30. exf5 Rxb3 31. fxg6 Rb1+ 32. Bc1 Rxc1+ 33.
Rxc1 Nf6 34. gxh7+ 0-1

[Event "XII Torneio Aberto Internacional de Xadrez Festa d
[Site "Caxias do Sul - RS "]
[Date "2012.03.03"]
[Round "6"]
[Board "1"]
[White "Dos Santos, Tiago Augusto"]
[Black "Borges, Rodrigo Da Silva"]
[Result "1-0"]
[WhiteElo "2023"]
[BlackElo "2205"]
[PlyCount "77"]
[EventDate "2012.03.03"]
[EventRounds "9"]
[EventCountry "BRA"]

1. e4 c5 2. Nf3 d6 3. d4 cxd4 4. Nxd4 Nf6 5. Nc3 a6 6. Be3 e5 7. Nb3 Be6 8. Be2
Be7 9. O-O Nbd7 10. f4 Rc8 11. Kh1 O-O 12. Qe1 b5 13. a3 Re8 14. Rd1 Qc7 15.
Qg3 Nb6 16. Nd2 Nc4 17. Nxc4 Bxc4 18. Bxc4 Qxc4 19. Qf3 Kh8 20. f5 a5 21. Bg5
b4 22. Bxf6 Bxf6 23. Nd5 Qxc2 24. axb4 axb4 25. Rf2 Qc5 26. Rfd2 Bg5 27. Rd3
Qb5 28. Qh5 Bc1 29. Qxf7 Rf8 30. Qh5 Qe8 31. Qh4 h6 32. Qe1 Bxb2 33. Qxb4 Bd4
34. Qxd6 Qc6 35. Qxc6 Rxc6 36. Ne7 Rcc8 37. Ng6+ Kg8 38. Nxf8 Kxf8 39. g4 1-0

[Event "XII Torneio Aberto Internacional de Xadrez Festa d
[Site "Caxias do Sul - RS "]
[Date "2012.03.03"]
[Round "6"]
[Board "1"]
[White "Pasini, Iuri Alan"]
[Black "Matsuura, Frederico"]
[Result "0-1"]
[WhiteElo "2001"]
[BlackElo "2287"]
[PlyCount "78"]
[EventDate "2012.03.03"]
[EventRounds "9"]
[EventCountry "BRA"]

1. e4 e6 2. d4 d5 3. Nd2 c5 4. exd5 exd5 5. Ngf3 Nf6 6. dxc5 Bxc5 7. Nb3 Be7 8.
Bd3 Bg4 9. h3 Bh5 10. Nbd4 O-O 11. O-O Re8 12. Nf5 Bf8 13. Bg5 Nbd7 14. Ng3 Bg6
15. Bxg6 hxg6 16. Re1 Qb6 17. Rb1 Bc5 18. Qd2 Rxe1+ 19. Nxe1 Re8 20. Nd3 Bd6
21. Bf4 Ne4 22. Nxe4 dxe4 23. Be3 Qc7 24. Nf4 Ne5 25. b3 Qc6 26. c4 Bb8 27. Qd5
Qc7 28. Qxe4 g5 29. Ne2 g4 30. hxg4 Qd8 31. g5 Qc8 32. Qc2 Qg4 33. Kf1 Qh4 34.
Qf5 Ng4 35. Ng1 g6 36. Qd3 Rxe3 37. Qxe3 Nxe3+ 38. fxe3 Qxg5 39. Re1 Qh4 0-1

[Event "XII Torneio Aberto Internacional de Xadrez Festa d
[Site "Caxias do Sul - RS "]
[Date "2012.03.03"]
[Round "6"]
[Board "1"]
[White "Martins, Anderson Donay"]
[Black "Burgos, Marcelo Alves"]
[Result "0-1"]
[WhiteElo "1946"]
[BlackElo "2194"]
[PlyCount "52"]
[EventDate "2012.03.03"]
[EventRounds "9"]
[EventCountry "BRA"]

1. e4 c5 2. Nc3 Nc6 3. f4 e6 4. Nf3 d5 5. exd5 exd5 6. d4 Nf6 7. Bb5 Be7 8. O-O
O-O 9. Kh1 Bg4 10. Bxc6 bxc6 11. dxc5 Bxc5 12. Qe1 Re8 13. Qg3 Bf5 14. Ne5 Re6
15. Nd3 Bd4 16. Bd2 Ne4 17. Nxe4 dxe4 18. Ne5 Bxe5 19. fxe5 Qxd2 20. Rxf5 Rd8
21. Raf1 Rd7 22. Qg4 e3 23. Rxf7 Rxf7 24. Qxe6 Qf2 25. Rd1 h6 26. h3 e2 0-1

[Event "XII Torneio Aberto Internacional de Xadrez Festa d
[Site "Caxias do Sul - RS "]
[Date "2012.03.03"]
[Round "6"]
[Board "1"]
[White "Oliveira, Paulo Sergio De Castro"]
[Black "Naissinger, William Quevedo"]
[Result "1/2-1/2"]
[WhiteElo "2182"]
[BlackElo "1940"]
[PlyCount "82"]
[EventDate "2012.03.03"]
[EventRounds "9"]
[EventCountry "BRA"]

1. f4 d5 2. Nf3 c5 3. e3 Nc6 4. Be2 Nf6 5. d3 Bg4 6. O-O e6 7. Qe1 Bd6 8. Nc3
a6 9. e4 d4 10. e5 dxc3 11. exd6 Qxd6 12. bxc3 O-O 13. h3 Bh5 14. g4 Bg6 15.
Nh4 c4 16. f5 exf5 17. gxf5 Bh5 18. Bf4 Qe7 19. Bxh5 Nxh5 20. Qxe7 Nxe7 21. Bd6
Rfe8 22. dxc4 Rad8 23. Rad1 Nc6 24. Rfe1 Rxe1+ 25. Rxe1 g5 26. fxg6 hxg6 27. c5
Rd7 28. Nf3 f6 29. Nd4 Kf7 30. Nxc6 bxc6 31. Rb1 Ng7 32. Rb6 Nf5 33. Rxc6 a5
34. Ra6 Nxd6 35. cxd6 Ke6 36. Rxa5 Rxd6 37. Kf2 Rd2+ 38. Ke3 Rxc2 39. Ra6+ Ke7
40. Ra7+ Ke6 41. Ra6+ Ke7 1/2-1/2

[Event "XII Torneio Aberto Internacional de Xadrez Festa d
[Site "Caxias do Sul - RS "]
[Date "2012.03.03"]
[Round "6"]
[Board "1"]
[White "Starke, Bruno Orlando"]
[Black "Klein, Gilberto Antonio"]
[Result "1/2-1/2"]
[WhiteElo "2086"]
[BlackElo "2005"]
[PlyCount "67"]
[EventDate "2012.03.03"]
[EventRounds "9"]
[EventCountry "BRA"]

1. d4 Nf6 2. Nf3 g6 3. c4 Bg7 4. g3 O-O 5. Bg2 d6 6. O-O Nbd7 7. Nc3 e5 8. e4
Re8 9. Re1 c6 10. h3 Qc7 11. Be3 a6 12. Rc1 b6 13. Qd2 Bb7 14. d5 c5 15. Bh6
Bh8 16. Nh2 Rab8 17. Bf3 Bc8 18. a4 Nf8 19. g4 Re7 20. Nf1 Ne8 21. Ng3 f6 22.
h4 Bd7 23. Kg2 Qc8 24. Qe2 Rf7 25. Rg1 Bg7 26. Be3 h6 27. h5 g5 28. Rgd1 Nh7
29. Rb1 a5 30. b3 Nc7 31. Nf5 Bf8 32. Bd2 Na6 33. Nb5 Bxf5 34. exf5 1/2-1/2